Využitie diskriminačnej analýzy na predikovanie finančnej situácie podnikov v SR

Finančná situácia podniku vypovedá o dosiahnutých výsledkoch. Finančná analýza ex post sa zameriava na súčasné výsledky. Metódy finančnej analýzy ex ante majú schopnosť poukázať na hroziace anomálie vo finančnom vývoji podniku. Metodologický aparát finančnej analýzy ex ante.

Guardado en:
Detalles Bibliográficos
Autor principal: Hiadlovský, Vladimír
Otros Autores: Kráľ, Pavol
Formato: Capítulo de libro
Lenguaje:eslovaco
Materias:
Etiquetas: Agregar Etiqueta
Sin Etiquetas, Sea el primero en etiquetar este registro!

MARC

LEADER 00000naa$a2200000$$$4500
001 0040032
005 20220323104847.5
041 0 |a slo 
044 |a SK 
245 1 0 |a Využitie diskriminačnej analýzy na predikovanie finančnej situácie podnikov v SR  |c Vladimír Hiadlovský, Pavol Kráľ 
520 |a Finančná situácia podniku vypovedá o dosiahnutých výsledkoch. Finančná analýza ex post sa zameriava na súčasné výsledky. Metódy finančnej analýzy ex ante majú schopnosť poukázať na hroziace anomálie vo finančnom vývoji podniku. Metodologický aparát finančnej analýzy ex ante. 
610 2 0 |a situácia finančná podniku 
610 2 0 |a analýza finančná 
610 2 0 |a metódy prognostické 
610 2 0 |a ukazovatele pomerové 
610 2 0 |a metódy matematicko-štatistické 
610 2 0 |a podnik 
610 2 0 |a Slovensko 
100 1 |a Hiadlovský, Vladimír 
700 1 |a Kráľ, Pavol